000 00701nam a22002417a 4500
001 34650
003 UA-OsUOA
005 20230914154618.0
007 ta
008 20051017b un ||||| |||| 00| 0 ukr d
040 _aUA-OsUOA
_brus
_cUA-OsUOA
_dUA-OsUOA
041 _arus
080 _a94(477.1)
090 _a94(477.1)
_bИ90
245 _aИстория Чехословакии: в трех томах
260 _aМ.
_bАкадемия Наук СССР
_c1960
300 _a662 с.
505 _gТ. 3
650 7 _a9 Географія. Біографії. Історія
_2UDC
942 _cBK
_2udc
955 _a2
999 _c321075
_d321075